Visualizzazione normale
Vista MARC
- Cavallin Carlo
di Personal Name
Records bibliografici associati: 1
001 - CONTROL NUMBER
- control field: 33670
003 - CONTROL NUMBER IDENTIFIER
- control field: IT-RoPau
005 - DATE AND TIME OF LATEST TRANSACTION
- control field: 20140705222324.0
008 - FIXED-LENGTH DATA ELEMENTS
- fixed length control field: 140705|| aca||aabn | a|a d
040 ## - CATALOGING SOURCE
- Original cataloging agency: IT-RoPau
- Transcribing agency: IT-RoPau
100 ## - HEADING--PERSONAL NAME
- Personal name: Cavallin Carlo
- Relator term: Interprete
- Miscellaneous information: Codice interprete SPICS: 59292
670 ## - SOURCE DATA FOUND
- Source citation: Work cat.: (IT-RoPau)102336: Cavallin Carlo 33666, Nel canto di te